Kevin Hart Movies Quiz! - Statistics

General Stats
  • This quiz has been taken 135 times
  • The average score is 4 of 13
Answer Stats
Hint Answer % Correct
2014 Ride Along
79%
2016 Ride Along 2
67%
2015 Get Hard
56%
2012 Think Like A Man
43%
2015 The Wedding Ringer
27%
2014 Think Like A Man Too
20%
2003 Scary Movie 3
19%
2006 Scary Movie 4
18%
2014 About Last Night
13%
2011 35 And Ticking
8%
2011 Let Go
7%
2010 Something Like A Business
6%
2007 Epic Movie
3%
No matching quizzes found
Score Distribution
Percent of People with Each Score
Percentile by Number Answered
Your Score History
You have not taken this quiz